HR forum odborný dvouměsíčník pro všechny, kteří chtějí dobře vést druhé i sami sebe

Saved in:
Bibliographic Details
Format: Serial
Language:Czech
Published: Praha People Management Forum 2024
Tags: Add Tag
No Tags, Be the first to tag this record!

MARC

LEADER 00000nas2a2200000 4500
001 0302722
005 20240618100010.0
022 |a 1212-690X 
041 0 |a cze 
044 |a CZ 
245 1 0 |a HR forum  |b odborný dvouměsíčník pro všechny, kteří chtějí dobře vést druhé i sami sebe 
264 1 |a Praha  |b People Management Forum  |c 2024 
773 0 |w eu_un_cat*0064687